000 00517nam a22001937a 4500
003 MPLRDC
005 20220104192100.0
008 210129b ||||| |||| 00| 0 eng d
020 _a978-7-5537-0080-9
082 _a427.4 LGR
100 _a刘桂荣
245 _a自制豆浆米糊大全
_c
250 _a一版一刷
260 _a中国
_b江苏科学技术出版社
_c2012
300 _b
490 _a汉竹.健康爱家系列
650 _a饮料--豆浆、果汁、菜汁
942 _cBK
_o427.4 LGR
999 _c64550
_d64540